Thiên nhiên và thế giới động vật

Gorde:
Xehetasun bibliografikoak
Egile nagusia: Lê Quốc Hưng
Formatua: Liburua
Hizkuntza:Undetermined
Argitaratua: H. Phụ Nữ 2003
Gaiak:
Etiketak: Etiketa erantsi
Etiketarik gabe, Izan zaitez lehena erregistro honi etiketa jartzen!
Thư viện lưu trữ: Trung tâm Học liệu Trường Đại học Cần Thơ
LEADER 00507nam a2200193Ia 4500
001 CTU_59301
008 210402s9999 xx 000 0 und d
020 |b 29000 
082 |a 590 
082 |b H556 
100 |a Lê Quốc Hưng 
245 0 |a Thiên nhiên và thế giới động vật 
245 0 |c Lê Quốc Hưng 
260 |a H. 
260 |b Phụ Nữ 
260 |c 2003 
650 |a zoology 
904 |i Minh 
980 |a Trung tâm Học liệu Trường Đại học Cần Thơ